El socialismo como proceso de luchas /

Furkejuvvon:
Bibliográfalaš dieđut
Váldodahkki: Moulian, Tomás
Materiálatiipa: Texto
Fáttát:
Fáddágilkorat: Lasit fáddágilkoriid
Eai fáddágilkorat, Lasit vuosttaš fáddágilkora!

MARC

LEADER 00000 a a2200000 04500
001 45480
003
040
090 |a REV0780 (43)2005  
100 |a Moulian, Tomás  
245 |a El socialismo como proceso de luchas /  |c Tomás Moulian  
650 |a SOCIALISMO  
773 |g número45, VI Epoca (2005), páginas 22-28  
999 |c 21017  |d 21017